| 000 | 00422nam a2200109Ia 4500 | ||
|---|---|---|---|
| 008 | 160909s9999 xx 000 0 und d | ||
| 100 | _aLopez-Boren, Deborah | ||
| 245 | 4 | _aThe One-to-One Initiative and Its Effect on Knowledge, Learning and the Positioning of English Language Arts Teachers | |
| 260 |
_bUniversity of Kansas _c2016 |
||
| 650 | _aMASS COM | ||
| 856 | _uhttp://pqdtopen.proquest.com/doc/1800285903.html?FMT=ABS | ||
| 999 |
_c304258 _d304258 |
||